| 000 | 00646nam a2200217Ia 4500 | ||
|---|---|---|---|
| 003 | GCL | ||
| 008 | 140319s9999 xx 000 0 ara d | ||
| 040 |
_aGCL / _cGCL |
||
| 082 | 0 | 4 |
_a382.3 _bص ا |
| 100 | 1 | _aصلاح الشنونى | |
| 245 | 1 | 0 |
_aالاصول العلمية للشراء والتخزين / _cصلاح الشنونى |
| 260 |
_a[S.N] : _bمؤسسة شباب الجامعة ، _c1993 |
||
| 300 | _a307 ص | ||
| 490 | _a | ||
| 650 | 0 | 4 | _aالتسويق |
| 650 | 0 | 4 | _aالتسويق-ادارة |
| 650 | 0 | 4 | _aالاسواق |
| 650 | 0 | 4 | _aجودة الانتاج |
| 650 | 0 | 4 | _aادارة المبيعات |
| 942 |
_2ddc _cBK |
||
| 999 |
_c40469 _d40469 |
||